000 00484cam a22001812a 4500
001 000384
003 AR-FADEU
008 311216n2009####xxu####################dd
100 _aGairns, Ruth
245 _aOxford word skills : super-skills. Advanced
260 _bOxford University
260 _aOxford
260 _c2009
546 _aInglés
500 _aLa Biblioteca posee también el ejemplar del libro de texto
650 _aINGLES-ESTUDIO Y ENSEÑANZA
942 _cMEDIA
999 _c577
_d577